[Event "Rated Rapid tournament C3niuSzK"]
[Site "?"]
[Date "2021.06.20"]
[Round "?"]
[White "bebeto80"]
[Black "Siebenschlaefer"]
[Result "1-0"]
[WhiteElo "2402"]
[BlackElo "2390"]
[PlyCount "141"]
[EventDate "2021.??.??"]
[EventType "rapid"]

1. e4 e5 2. Nf3 d5 3. Nxe5 Bd6 4. d4 dxe4 5. Bc4 Bxe5 6. Qh5 Qe7 7. Qxe5 Qxe5
8. dxe5 Nc6 9. Bf4 Nge7 10. Bg3 O-O 11. Nc3 Bf5 12. O-O-O Rfe8 13. Rhe1 Ng6 14.
Nxe4 Ngxe5 15. Bb3 h6 16. Nc5 b6 17. Na6 Rac8 18. Ba4 Re6 19. Bxc6 Nxc6 20.
Rxe6 Bxe6 21. Nxc7 Bf5 22. c3 Kh7 23. Nd5 f6 24. Ne3 Be4 25. f3 Bg6 26. Nd5 Rd8
27. Nf4 Rxd1+ 28. Kxd1 Bf7 29. b3 Kg8 30. Kd2 Kf8 31. c4 Ke7 32. Nd3 Kd7 33.
Kc3 Bg6 34. a3 Bxd3 35. Kxd3 Ne7 36. Bf2 Kc6 37. g4 g6 38. h4 f5 39. b4 a6 40.
a4 b5 41. cxb5+ axb5 42. a5 fxg4 43. fxg4 h5 44. gxh5 gxh5 45. a6 Nd5 46. Bc5
Nf4+ 47. Ke4 Ng6 48. Bf2 Ne7 49. Ke5 Kc7 50. Ke6 Nc6 51. Bc5 Kb8 52. Kf5 Nd8
53. Kg5 Ne6+ 54. Kxh5 Nxc5 55. Kg6 Ne6 56. h5 Nf4+ 57. Kg5 Nxh5 58. Kxh5 Ka7
59. Kg5 Kxa6 60. Kf5 Kb6 61. Ke5 Kc6 62. Ke6 Kc7 63. Kd5 Kb6 64. Kd6 Ka6 65.
Kc6 Ka7 66. Kc5 Kb7 67. Kxb5 Ka7 68. Kc6 Ka6 69. b5+ Ka7 70. Kc7 Ka8 71. Kb6 {
Time forfeit} 1-0

[Event "Rated Blitz tournament 9AH7odx8"]
[Site "?"]
[Date "2021.06.20"]
[Round "?"]
[White "qqwow"]
[Black "geptil"]
[Result "0-1"]
[WhiteElo "2440"]
[BlackElo "2376"]
[PlyCount "160"]
[EventDate "2021.??.??"]
[EventType "blitz"]

1. e4 e5 2. Nf3 d5 3. d4 dxe4 4. Nxe5 Bd6 5. Qe2 Nf6 6. Nc3 O-O 7. Bg5 Bb4 8.
Bxf6 gxf6 9. Nc4 Qxd4 10. Nd2 f5 11. h4 Nc6 12. h5 h6 13. Qe3 Qxe3+ 14. fxe3
Bxc3 15. bxc3 Be6 16. g4 fxg4 17. Nxe4 f5 18. Nc5 Bd5 19. Rg1 Ne5 20. Be2 b6
21. Nd3 Nf3+ 22. Bxf3 Bxf3 23. c4 Rfe8 24. Kd2 Rad8 25. Rae1 Re4 26. Kc3 Rde8
27. Kd2 Rxc4 28. Ref1 Kf7 29. Rb1 Rce4 30. Rge1 c5 31. Nf2 R4e5 32. Nd3 Re4 33.
Nf2 R4e6 34. Nd3 Rd8 35. Kc3 Re4 36. Nf2 Ra4 37. Nd3 Kf6 38. Nf4 Re8 39. Kd2
Kg5 40. Rf1 Ra3 41. Rxf3 gxf3 42. Rg1+ Kf6 43. Rg6+ Ke5 44. Nd3+ Kd5 45. Rf6
Rxa2 46. Rxf5+ Kc4 47. Rxf3 Rd8 48. Rf4+ Kb5 49. Kc3 Ra3+ 50. Kd2 c4 51. Rf5+
Ka6 52. Rf6 cxd3 53. cxd3 Raxd3+ 54. Ke2 Rb3 55. Rxh6 Re8 56. Kf3 Rexe3+ 57.
Kf4 Rec3 58. Rh8 Rb5 59. h6 Rc4+ 60. Ke3 Rb3+ 61. Kd2 Ra4 62. Kc2 Rh3 63. Kb2
Rg4 64. Rc8 Rg2+ 65. Rc2 Rxc2+ 66. Kxc2 Rxh6 67. Kd3 Rh5 68. Ke4 Rc5 69. Kf3
Ka5 70. Ke3 Kb4 71. Kd2 Kc4 72. Kc2 Rb5 73. Kc1 a5 74. Kc2 Rb3 75. Kd2 a4 76.
Kc2 a3 77. Kd2 a2 78. Kc2 a1=Q 79. Kd2 Qa2+ 80. Kc1 Rb1# {Normal} 0-1

[Event "Rated Blitz game"]
[Site "?"]
[Date "2021.06.20"]
[Round "?"]
[White "B777W"]
[Black "BrilliantGambiteer"]
[Result "1-0"]
[WhiteElo "2427"]
[BlackElo "2361"]
[PlyCount "77"]
[EventDate "2021.??.??"]
[EventType "blitz"]

1. e4 e5 2. Nf3 d5 3. exd5 Bd6 4. d4 e4 5. Ne5 Nf6 6. Bb5+ Nbd7 7. Nxd7 Bxd7 8.
Bxd7+ Qxd7 9. c4 Bb4+ 10. Nc3 O-O 11. O-O Qf5 12. a3 Bxc3 13. bxc3 Rad8 14. f3
Rfe8 15. fxe4 Qxe4 16. Bg5 Rd6 17. Re1 Qxe1+ 18. Qxe1 Rxe1+ 19. Rxe1 Kf8 20.
Bf4 Rd7 21. h3 b5 22. cxb5 Rxd5 23. a4 Rd7 24. Bd2 g6 25. Re5 Kg7 26. Kf2 Nd5
27. a5 h6 28. c4 Nf6 29. Bc3 Kf8 30. Kf3 Ne8 31. Bb4+ Nd6 32. Rd5 Ke8 33. Bxd6
cxd6 34. c5 Rb7 35. b6 dxc5 36. dxc5 axb6 37. cxb6 Rb8 38. Ke4 Ke7 39. Kd4 {
Normal} 1-0

[Event "Rated Blitz tournament 9AH7odx8"]
[Site "?"]
[Date "2021.06.20"]
[Round "?"]
[White "Saparmyrat"]
[Black "MeneerMandje"]
[Result "0-1"]
[WhiteElo "2630"]
[BlackElo "2594"]
[PlyCount "62"]
[EventDate "2021.??.??"]
[EventType "blitz"]

1. e4 e5 2. Nf3 d5 3. Nxe5 Bd6 4. d4 dxe4 5. Nc4 Nf6 6. Nc3 O-O 7. Bg5 Bf5 8.
Be2 Nc6 9. Qd2 h6 10. Bh4 a6 11. O-O-O b5 12. Ne3 Bf4 13. Bg3 Bg5 14. h4 Bxe3
15. Qxe3 Re8 16. d5 Nb4 17. d6 cxd6 18. Bxd6 Qa5 19. a3 Nc6 20. Qc5 Bd7 21. g4
Rac8 22. g5 Ng4 23. gxh6 Nxh6 24. Rhg1 Nf5 25. Rg5 Ncd4 26. Qd5 Rxc3 27. bxc3
Nxe2+ 28. Kb2 Qxc3+ 29. Kb1 Be6 30. Qc5 Qxc5 31. Bxc5 Nc3+ {Normal} 0-1

[Event "Rated Blitz game"]
[Site "?"]
[Date "2021.06.20"]
[Round "?"]
[White "rodp92"]
[Black "Aldebaraan"]
[Result "1-0"]
[WhiteElo "2417"]
[BlackElo "2297"]
[PlyCount "95"]
[EventDate "2021.??.??"]
[EventType "blitz"]

1. e4 e5 2. Nf3 d5 3. Nc3 d4 4. Ne2 Nc6 5. d3 f5 6. exf5 Bxf5 7. Ng3 Bg6 8. Be2
Nf6 9. O-O Bd6 10. Nd2 O-O 11. Nc4 Qe7 12. Bg5 Qe6 13. Bf3 h6 14. Bd2 Ne7 15.
Re1 Rab8 16. a4 Ned5 17. Qe2 Rbe8 18. a5 b6 19. axb6 axb6 20. Ra7 b5 21. Na5
Bc5 22. Rb7 Qa6 23. b4 Bb6 24. Ne4 Bxe4 25. dxe4 Ne7 26. Rxb6 Qxb6 27. h3 Nc6
28. Nb3 Nd7 29. Qd3 Nd8 30. Bg4 Nf6 31. Bf5 c6 32. h4 Nf7 33. g3 Nd6 34. Bh3
Nc4 35. Bc1 Qc7 36. Rf1 Qd6 37. c3 dxc3 38. Qxc3 Nxe4 39. Qc2 Nf6 40. Rd1 Qe7
41. Nc5 e4 42. Ne6 Qxb4 43. Nxf8 Rxf8 44. Bf4 Nd5 45. Be6+ Kh7 46. Bxd5 cxd5
47. Rxd5 Qe7 48. Rxb5 {Time forfeit} 1-0

[Event "Rated Blitz tournament tHbE0kCS"]
[Site "?"]
[Date "2021.06.20"]
[Round "?"]
[White "Bullet7707"]
[Black "dr_xStranger"]
[Result "1-0"]
[WhiteElo "2269"]
[BlackElo "2489"]
[PlyCount "177"]
[EventDate "2021.??.??"]
[EventType "blitz"]

1. e4 e5 2. Nf3 d5 3. Nxe5 Bd6 4. d4 dxe4 5. Nc3 Bxe5 6. dxe5 Qxd1+ 7. Nxd1 Nc6
8. Bb5 Bd7 9. Nc3 O-O-O 10. Bg5 Nge7 11. Bxc6 Nxc6 12. Bxd8 Rxd8 13. O-O-O Nxe5
14. Nxe4 Re8 15. Nc5 Bc6 16. f3 b6 17. Nd3 Nxd3+ 18. Rxd3 Re2 19. Rd2 Re6 20.
Kd1 Kb7 21. Re1 Rg6 22. Re7 Rf6 23. Ke2 a5 24. Ke3 h5 25. c4 g6 26. b3 Rf5 27.
Rd4 f6 28. Rg7 g5 29. Kf2 g4 30. f4 b5 31. g3 b4 32. Ke3 a4 33. Rd8 Ra5 34.
Rgg8 axb3 35. Rb8+ Ka7 36. axb3 Bb7 37. Rbd8 Ra3 38. Rd3 Ra2 39. Rd2 Ra3 40.
Rb2 Ra5 41. Kd4 c5+ 42. Ke3 Ra6 43. Rg7 Re6+ 44. Kf2 Kb6 45. Re2 Rd6 46. Rf7
Bc6 47. f5 Bd7 48. Ree7 Bxf5 49. Rb7+ Ka6 50. Ra7+ Kb6 51. Rfb7+ Kc6 52. Ra6+
Kxb7 53. Rxd6 Bc2 54. Rxf6 Bxb3 55. Rf5 Kb6 56. Rxh5 Bxc4 57. Ke3 b3 58. Kd2
Kb5 59. Kc3 Be6 60. Re5 Bc8 61. Kxb3 Kc6 62. Kc3 Bd7 63. Rg5 Kd6 64. Rg6+ Ke5
65. Kc4 Bf5 66. Rh6 Ke4 67. Kxc5 Kf3 68. Kd6 Bc2 69. Ke5 Kg2 70. Kf6 Kf3 71.
Kg5 Kg2 72. Kxg4 Bd1+ 73. Kf4 Bc2 74. h4 Kf2 75. g4 Ke2 76. g5 Kd3 77. Re6 Kd4
78. Re5 Bb3 79. h5 Bg8 80. g6 Kc4 81. h6 Kd4 82. h7 Bxh7 83. gxh7 Kc4 84. h8=Q
Kd3 85. Qd8+ Kc4 86. Re7 Kb4 87. Rc7 Kb5 88. Qb8+ Ka6 89. Ra7# {Normal} 1-0

[Event "Rated Blitz game"]
[Site "?"]
[Date "2021.06.20"]
[Round "?"]
[White "Ilmenau"]
[Black "Racheengel"]
[Result "0-1"]
[WhiteElo "2381"]
[BlackElo "2444"]
[PlyCount "56"]
[EventDate "2021.??.??"]
[EventType "blitz"]

1. e4 e5 2. Nf3 d5 3. exd5 Bd6 4. d4 e4 5. Nfd2 f5 6. c4 Nf6 7. Nc3 O-O 8. Be2
Qe8 9. c5 Bf4 10. g3 Bh6 11. Nc4 f4 12. Qb3 e3 13. fxe3 fxe3 14. d6 Kh8 15.
dxc7 Nc6 16. Nd6 Qe7 17. Nd5 Nxd5 18. Qxd5 Qxc7 19. Rf1 Bh3 20. Rf7 Qa5+ 21.
Kd1 Qa4+ 22. b3 Qxd4+ 23. Qxd4 Nxd4 24. Bb2 Nxe2 25. Kxe2 Bg4+ 26. Kd3 Rad8 27.
Rxb7 Bf5+ 28. Kc4 Be6+ {Time forfeit} 0-1

[Event "Rated Rapid tournament C3niuSzK"]
[Site "?"]
[Date "2021.06.20"]
[Round "?"]
[White "bebeto80"]
[Black "Siebenschlaefer"]
[Result "0-1"]
[WhiteElo "2424"]
[BlackElo "2394"]
[PlyCount "94"]
[EventDate "2021.??.??"]
[EventType "rapid"]

1. e4 e5 2. Nf3 d5 3. Nxe5 Bd6 4. d4 dxe4 5. Bf4 Nf6 6. Nc3 O-O 7. Bc4 Qe7 8.
O-O c5 9. Bg3 Nc6 10. Nxc6 bxc6 11. d5 Bxg3 12. fxg3 cxd5 13. Nxd5 Nxd5 14.
Bxd5 Bb7 15. Bc4 Rad8 16. Qe2 Bd5 17. Rae1 Rfe8 18. c3 Qe6 19. Bxd5 Qxd5 20. b3
h6 21. Rf4 e3 22. Rf3 Qd2 23. Rxe3 Rxe3 24. Qxe3 Qxa2 25. Qxc5 Qxb3 26. h3 Qb6
27. Qxb6 axb6 28. Rb1 Rc8 29. Rb3 g5 30. Kf2 Rc6 31. g4 Kg7 32. Ke3 Kg6 33. Kd4
Rd6+ 34. Ke3 h5 35. gxh5+ Kxh5 36. g3 f5 37. c4 Re6+ 38. Kd4 f4 39. gxf4 gxf4
40. Kd5 Rh6 41. Ke4 Rf6 42. Rf3 Kg5 43. Ke5 Rf5+ 44. Ke6 Rc5 45. Rc3 b5 46. Kd6
Rxc4 47. Rxc4 bxc4 {Normal} 0-1

[Event "Rated Blitz tournament TolWHUEl"]
[Site "?"]
[Date "2021.06.20"]
[Round "?"]
[White "sloeber84"]
[Black "jflup"]
[Result "0-1"]
[WhiteElo "2312"]
[BlackElo "2488"]
[PlyCount "122"]
[EventDate "2021.??.??"]
[EventType "blitz"]

1. e4 e5 2. Nf3 d5 3. Nxe5 Bd6 4. d4 dxe4 5. Nc4 Be7 6. Nc3 Nf6 7. Be2 O-O 8.
O-O Nc6 9. f3 Qxd4+ 10. Qxd4 Nxd4 11. Bd1 exf3 12. Bxf3 Nxf3+ 13. Rxf3 Bg4 14.
Rf1 Rfe8 15. Bf4 c6 16. h3 Bc5+ 17. Kh2 Be2 18. Nxe2 Rxe2 19. Rac1 Nd5 20. Bd6
Bd4 21. c3 Bf6 22. Ba3 b5 23. Na5 Ne3 24. Rg1 Be5+ 25. Kh1 Rc8 26. Rge1 Rxe1+
27. Rxe1 Bf4 28. Bc5 Nd5 29. Nxc6 f6 30. Ne7+ Nxe7 31. Bxe7 Re8 32. c4 Kf7 33.
Bb4 Rxe1+ 34. Bxe1 bxc4 35. b3 cxb3 36. axb3 Ke6 37. Kg1 Kd5 38. Kf2 Ke4 39.
Bb4 Be3+ 40. Ke2 f5 41. Bc3 g5 42. Bf6 h5 43. h4 g4 44. Bd8 a6 45. Be7 f4 46.
Bd8 f3+ 47. gxf3+ gxf3+ 48. Kf1 Kd3 49. Bf6 Kc2 50. b4 Kd3 51. Be7 Ke4 52. Bf8
Kf5 53. Be7 Kg4 54. Ke1 Kg3 55. Kf1 Bd4 56. Bd8 Kg4 57. Be7 Be3 58. Bd8 Bf4 59.
Kf2 Bg3+ 60. Ke3 Be1 61. Be7 Kg3 {Normal} 0-1

[Event "Rated Blitz tournament tHbE0kCS"]
[Site "?"]
[Date "2021.06.20"]
[Round "?"]
[White "TamudoesDIOS"]
[Black "dr_xStranger"]
[Result "0-1"]
[WhiteElo "2282"]
[BlackElo "2509"]
[PlyCount "108"]
[EventDate "2021.??.??"]
[EventType "blitz"]

1. e4 e5 2. Nf3 d5 3. Nxe5 Bd6 4. d4 dxe4 5. f4 exf3 6. Nxf3 Nf6 7. Bc4 O-O 8.
O-O h6 9. c3 Nc6 10. Nbd2 Bg4 11. Qe1 Re8 12. Qf2 Re7 13. Re1 Kh8 14. Rxe7 Qxe7
15. Nf1 Ne4 16. Qe3 Bxf3 17. Qxf3 Ng5 18. Qe3 Qxe3+ 19. Bxe3 Rf8 20. Re1 Re8
21. Bd2 Rxe1 22. Bxe1 Kg8 23. Ng3 Kf8 24. Nf5 Ne4 25. Nxd6 Nxd6 26. Bd3 Ke7 27.
g4 Nd8 28. Kg2 Ne6 29. h4 Nf4+ 30. Kf3 Nxd3 31. Bg3 Nxb2 32. h5 Na4 33. Be5
Nxc3 34. Bxg7 Nce4 35. Bxh6 Kf6 36. Bf4 Ng5+ 37. Ke3 Ne6 38. Be5+ Kg5 39. Kd3
Kxg4 40. h6 Nf8 41. Bxd6 cxd6 42. Ke4 f5+ 43. Kd5 f4 44. h7 Nxh7 45. Kxd6 f3
46. Kc7 f2 47. d5 f1=Q 48. d6 Qc4+ 49. Kxb7 Qxa2 50. d7 Qd5+ 51. Kc7 a5 52.
d8=Q Qxd8+ 53. Kxd8 a4 54. Ke7 a3 {Normal} 0-1

[Event "Rated Blitz game"]
[Site "?"]
[Date "2021.06.20"]
[Round "?"]
[White "Logmann72"]
[Black "KamranShirazi"]
[Result "1-0"]
[WhiteElo "2564"]
[BlackElo "2589"]
[PlyCount "67"]
[EventDate "2021.??.??"]
[EventType "blitz"]

1. e4 e5 2. Nf3 d5 3. exd5 e4 4. Ne5 Qxd5 5. d4 exd3 6. Nxd3 Bd6 7. Nc3 Qf5 8.
Be3 Nc6 9. Be2 Be6 10. Bf3 Nge7 11. Ne4 O-O-O 12. Nxd6+ Rxd6 13. O-O Bc4 14.
Bg4 Kb8 15. Bxf5 Nxf5 16. Bf4 Rd7 17. Qg4 g6 18. Ne5 Nxe5 19. Bxe5 Bxf1 20.
Bxh8 Bb5 21. Rd1 b6 22. Rxd7 Bxd7 23. Qe4 Be6 24. Qd3 Kc8 25. Bf6 Nd6 26. Be5
Nc4 27. Bg3 Nxb2 28. Qa3 Nc4 29. Qxa7 Kd7 30. Qxc7+ Ke8 31. Bd6 Nxd6 32. Qxd6
Bxa2 33. Qxb6 Kd7 34. Qa7+ {Normal} 1-0

[Event "Rated Blitz tournament TJxkrBuC"]
[Site "?"]
[Date "2021.06.20"]
[Round "?"]
[White "Matzel53"]
[Black "EEberhart"]
[Result "1-0"]
[WhiteElo "2405"]
[BlackElo "2243"]
[PlyCount "51"]
[EventDate "2021.??.??"]
[EventType "blitz"]

1. e4 e5 2. Nf3 d5 3. Nxe5 Bd6 4. d4 dxe4 5. Nc4 Be7 6. Nc3 Nf6 7. Bg5 Bf5 8.
Ne3 Bg6 9. Bc4 Nc6 10. d5 Ne5 11. Bb5+ Ned7 12. Qd4 a6 13. Ba4 b5 14. Bb3 O-O
15. h4 h6 16. Bf4 Bd6 17. Bxd6 cxd6 18. a4 bxa4 19. Bxa4 Nc5 20. Bc6 Rb8 21. b4
Ncd7 22. Rxa6 Ne5 23. b5 Nxc6 24. dxc6 Qc7 25. Ned5 Nxd5 26. Nxd5 {Normal} 1-0

[Event "Rated Blitz tournament Vl7vXKzr"]
[Site "?"]
[Date "2021.06.20"]
[Round "?"]
[White "S-Papp"]
[Black "Lur15"]
[Result "1/2-1/2"]
[WhiteElo "2429"]
[BlackElo "2356"]
[PlyCount "78"]
[EventDate "2021.??.??"]
[EventType "blitz"]

1. e4 e5 2. Nf3 d5 3. Nc3 dxe4 4. Nxe4 f5 5. Nc3 e4 6. Ng1 Nf6 7. Bc4 Nc6 8.
Nge2 Bd6 9. d3 Ne5 10. Bb3 exd3 11. cxd3 Qe7 12. Be3 Be6 13. Bxe6 Qxe6 14. Nd4
Qd7 15. O-O O-O-O 16. Ndb5 a6 17. Nxd6+ Qxd6 18. d4 Neg4 19. g3 Nxe3 20. fxe3
g6 21. Qf3 Rhe8 22. a3 Ne4 23. Nxe4 Rxe4 24. Rac1 Rde8 25. Rc3 Qd5 26. Rfc1 c6
27. b4 Kb8 28. Kf2 g5 29. R1c2 g4 30. Qd1 h5 31. a4 h4 32. b5 hxg3+ 33. hxg3
Rh8 34. bxc6 Rf4+ 35. gxf4 Rh2+ 36. Kg3 Rh3+ 37. Kf2 Rh2+ 38. Kg3 Rh3+ 39. Kf2
Rh2+ {Normal} 1/2-1/2

[Event "Rated Blitz game"]
[Site "?"]
[Date "2021.06.20"]
[Round "?"]
[White "lugoking"]
[Black "blastol"]
[Result "0-1"]
[WhiteElo "2415"]
[BlackElo "2380"]
[PlyCount "36"]
[EventDate "2021.??.??"]
[EventType "blitz"]

1. e4 e5 2. Nf3 d5 3. Nxe5 Bd6 4. d4 dxe4 5. Nc4 Nf6 6. Nc3 h6 7. Be2 O-O 8.
O-O Nc6 9. Be3 Bd7 10. Nxd6 cxd6 11. d5 Ne5 12. Qd4 Rc8 13. Nxe4 Rxc2 14. Bd1
Rc4 15. Nxf6+ Qxf6 16. Qxa7 Qg6 17. Kh1 Qe4 18. Qa8 Rxa8 {Time forfeit} 0-1

[Event "Rated Blitz tournament zxZuA9Yg"]
[Site "?"]
[Date "2021.06.20"]
[Round "?"]
[White "Car67"]
[Black "om_gendut"]
[Result "1-0"]
[WhiteElo "2277"]
[BlackElo "2433"]
[PlyCount "66"]
[EventDate "2021.??.??"]
[EventType "blitz"]

1. e4 e5 2. Nf3 d5 3. Nxe5 Bd6 4. d4 dxe4 5. Nc4 Be7 6. Be3 Nf6 7. h3 O-O 8.
Be2 Bf5 9. Nbd2 Nc6 10. c3 Bg6 11. Nf1 Nd5 12. Bd2 f5 13. g3 f4 14. gxf4 Nxf4
15. Be3 Kh8 16. Bxf4 Rxf4 17. Bg4 Bh4 18. Ng3 Qf6 19. Qe2 Rf8 20. O-O Qg5 21.
Qe3 Ne7 22. Ne5 Nd5 23. Nxg6+ Qxg6 24. Qd2 e3 25. fxe3 Rxf1+ 26. Rxf1 Rxf1+ 27.
Nxf1 h5 28. Qg2 hxg4 29. Qxd5 gxh3+ 30. Kh2 Bf2 31. Kxh3 Qg1 32. Qg2 Qxg2+ 33.
Kxg2 Bh4 {Normal} 1-0

[Event "Rated Blitz game"]
[Site "?"]
[Date "2021.06.20"]
[Round "?"]
[White "supertolchok"]
[Black "Bubacik"]
[Result "0-1"]
[WhiteElo "2518"]
[BlackElo "2630"]
[PlyCount "40"]
[EventDate "2021.??.??"]
[EventType "blitz"]

1. e4 e5 2. Nf3 d5 3. Nxe5 dxe4 4. d4 Nf6 5. Nc3 Bb4 6. Bc4 O-O 7. O-O Nc6 8.
Nxc6 bxc6 9. Bg5 Re8 10. Re1 Bf5 11. Qe2 Qxd4 12. Rad1 Qe5 13. Bxf6 Qxf6 14.
Qe3 h6 15. Qd4 Qxd4 16. Rxd4 Rad8 17. Bxf7+ Kxf7 18. Rxb4 Rd2 19. Nxe4 Rxe4 20.
Rbxe4 Bxe4 {Normal} 0-1

[Event "Rated Blitz game"]
[Site "?"]
[Date "2021.06.20"]
[Round "?"]
[White "LudovicM59"]
[Black "annaly1979"]
[Result "0-1"]
[WhiteElo "2536"]
[BlackElo "2437"]
[PlyCount "22"]
[EventDate "2021.??.??"]
[EventType "blitz"]

1. e4 e5 2. Nf3 d5 3. exd5 e4 4. Qe2 f5 5. d3 Nf6 6. Nc3 Bb4 7. dxe4 Bxc3+ 8.
bxc3 fxe4 9. Ng5 O-O 10. c4 c6 11. Ba3 Qa5+ {Normal} 0-1

[Event "Rated Blitz tournament zxZuA9Yg"]
[Site "?"]
[Date "2021.06.20"]
[Round "?"]
[White "Hartantodavincii"]
[Black "om_gendut"]
[Result "0-1"]
[WhiteElo "2237"]
[BlackElo "2433"]
[PlyCount "96"]
[EventDate "2021.??.??"]
[EventType "blitz"]

1. e4 e5 2. Nf3 d5 3. Nc3 dxe4 4. Nxe4 Nf6 5. Nxf6+ Qxf6 6. Bc4 Bd6 7. d3 h6 8.
O-O O-O 9. Nd2 Qg6 10. Ne4 Nc6 11. c3 Be7 12. f4 Bf5 13. Ng3 Bg4 14. Qe1 exf4
15. Bxf4 Rae8 16. Qd2 Bd6 17. Bxd6 Qxd6 18. Rae1 Be6 19. Ne4 Qd8 20. Bxe6 Rxe6
21. d4 Rfe8 22. Nc5 Rxe1 23. Rxe1 Rxe1+ 24. Qxe1 b6 25. Nd3 Qd7 26. Qe4 Qe6 27.
Qxe6 fxe6 28. Kf2 Kf7 29. Ke3 Kf6 30. Kf4 Ne7 31. g4 Nd5+ 32. Kf3 Ke7 33. Ne5
Kd6 34. a3 Nf6 35. h3 c5 36. dxc5+ Kxe5 37. cxb6 axb6 38. h4 g5 39. hxg5 hxg5
40. b4 Kd5 41. a4 Kc4 42. a5 bxa5 43. bxa5 Kb5 44. Ke3 Kxa5 45. Kd4 Nxg4 46.
Ke4 Kb5 47. Kf3 Nf6 48. Kg3 Kc4 {Normal} 0-1

[Event "Rated Blitz tournament rbCFuq9J"]
[Site "?"]
[Date "2021.06.20"]
[Round "?"]
[White "kaloczajunky"]
[Black "cuerosky"]
[Result "1-0"]
[WhiteElo "2429"]
[BlackElo "2248"]
[PlyCount "91"]
[EventDate "2021.??.??"]
[EventType "blitz"]

1. e4 e5 2. Nf3 d5 3. Nxe5 Bd6 4. d4 dxe4 5. Nc4 Nf6 6. Nxd6+ Qxd6 7. c4 Bf5 8.
Nc3 O-O 9. h3 a6 10. Be2 Nc6 11. Be3 b6 12. O-O Rad8 13. d5 Ne7 14. Qd2 Ng6 15.
Rfd1 Rfe8 16. Rac1 h5 17. a3 h4 18. Bg5 Nh7 19. Bxd8 Rxd8 20. b4 Qf6 21. Qd4
Qg5 22. Nxe4 Qf4 23. Bf3 Kh8 24. c5 Ne5 25. Qe3 Nxf3+ 26. Qxf3 Qxe4 27. Qxe4
Bxe4 28. d6 cxd6 29. Rxd6 Rc8 30. Rxb6 Nf6 31. Rxa6 Bd3 32. Ra7 Nd5 33. Rxf7 g5
34. Rd7 Nf4 35. Re1 Bf5 36. Ra7 Ng6 37. b5 g4 38. hxg4 Bxg4 39. c6 Nf4 40. Rf7
Nd3 41. Ree7 Ra8 42. Ra7 Re8 43. Rh7+ Kg8 44. Rhg7+ Kf8 45. Rxg4 Re1+ 46. Kh2 {
Normal} 1-0

[Event "Rated Rapid tournament C3niuSzK"]
[Site "?"]
[Date "2021.06.20"]
[Round "?"]
[White "adamc2005"]
[Black "Siebenschlaefer"]
[Result "0-1"]
[WhiteElo "2479"]
[BlackElo "2344"]
[PlyCount "112"]
[EventDate "2021.??.??"]
[EventType "rapid"]

1. e4 e5 2. Nf3 d5 3. d3 dxe4 4. dxe4 Qxd1+ 5. Kxd1 Bc5 6. Be3 Bxe3 7. fxe3 f6
8. c3 Be6 9. Nbd2 Nd7 10. Bc4 Bxc4 11. Nxc4 Ne7 12. Kc2 Nb6 13. Nxb6 axb6 14.
g4 Kd7 15. g5 Ke6 16. h4 Rhd8 17. a3 Rd7 18. Rad1 Rad8 19. Rxd7 Rxd7 20. Rg1 f5
21. exf5+ Kxf5 22. Nd2 Ke6 23. e4 Ng6 24. Nf3 Nf4 25. Rf1 c5 26. Nh2 c4 27. Rf3
Rd3 28. Rxd3 Nxd3 29. Ng4 Nc5 30. Ne3 b5 31. Nf5 g6 32. Ng3 Kd6 33. Kd2 Kc6 34.
Ke3 Na4 35. Nh1 Nxb2 36. Nf2 Kd6 37. Ng4 Ke6 38. Kd2 Nd3 39. Ke3 Nc5 40. Nf6 h6
41. Nd5 hxg5 42. hxg5 Kd6 43. Nb6 Ne6 44. Nc8+ Kd7 45. Nb6+ Kc7 46. Nd5+ Kd6
47. Nb6 Nxg5 48. Nc8+ Kd7 49. Nb6+ Kc7 50. Nd5+ Kd6 51. Nf6 Ne6 52. Nd5 Nf4 53.
Nxf4 exf4+ 54. Kxf4 Ke6 55. Ke3 Ke5 56. Kf3 g5 {Normal} 0-1

[Event "Rated Blitz tournament BtQji8kd"]
[Site "?"]
[Date "2021.06.20"]
[Round "?"]
[White "RhenzRheann_Auza98"]
[Black "Kind-Hearted-Chess"]
[Result "1-0"]
[WhiteElo "2448"]
[BlackElo "2249"]
[PlyCount "96"]
[EventDate "2021.??.??"]
[EventType "blitz"]

1. e4 e5 2. Nf3 d5 3. d4 dxe4 4. Nxe5 Nd7 5. Nc4 Ngf6 6. Be2 b6 7. Bf4 Bb7 8.
Ne3 g6 9. c4 Bd6 10. Bxd6 cxd6 11. Nc3 O-O 12. O-O Rc8 13. Nb5 Nb8 14. Nxa7 Rc7
15. Nb5 Re7 16. b4 d5 17. c5 Nc6 18. Qb3 bxc5 19. bxc5 Ba6 20. Rfd1 Qa5 21. a4
h5 22. Nxd5 Nxd5 23. Qxd5 Nb4 24. Qb3 Nd3 25. Bxd3 exd3 26. Qxd3 Rfe8 27. h3
Re1+ 28. Rxe1 Rxe1+ 29. Rxe1 Qxe1+ 30. Qf1 Qb4 31. Qd1 Bb7 32. Nd6 Bd5 33. Kh2
Kh7 34. Qd3 Qxa4 35. Qe3 Qc2 36. Qf4 Kg8 37. Ne8 Bc6 38. Nd6 Bd5 39. Nc8 Be4
40. Ne7+ Kf8 41. Nc6 Bxc6 42. Qd6+ Kg7 43. Qxc6 Qxf2 44. Qd6 f5 45. Qe5+ Kh6
46. c6 f4 47. c7 Qg3+ 48. Kg1 Qe1+ {Normal} 1-0

[Event "Rated Blitz tournament W3cQdK6U"]
[Site "?"]
[Date "2021.06.20"]
[Round "?"]
[White "MilBor"]
[Black "Vik1970"]
[Result "1-0"]
[WhiteElo "2419"]
[BlackElo "2238"]
[PlyCount "89"]
[EventDate "2021.??.??"]
[EventType "blitz"]

1. e4 e5 2. Nf3 d5 3. Nc3 dxe4 4. Nxe5 f5 5. d3 Nf6 6. dxe4 Qxd1+ 7. Nxd1 fxe4
8. Bc4 Bd6 9. Nf7 Rf8 10. Nxd6+ cxd6 11. Ne3 Nc6 12. c3 Ne5 13. Be2 d5 14. O-O
Bd7 15. f4 exf3 16. Bxf3 Nxf3+ 17. Rxf3 O-O-O 18. Nc2 Rde8 19. Nd4 Re1+ 20. Rf1
Rxf1+ 21. Kxf1 a6 22. Kg1 Ne4 23. Be3 h6 24. Rf1 Rxf1+ 25. Kxf1 g5 26. Ke2 Kc7
27. Kd3 Kd6 28. b4 Bb5+ 29. Kc2 Nf6 30. h3 Bc4 31. Nf5+ Ke6 32. Nxh6 Bxa2 33.
Bxg5 Ne4 34. Be3 Bc4 35. h4 Ng3 36. Ng4 Bf1 37. Bf4 Nh5 38. g3 Nxf4 39. gxf4
Kf5 40. Ne3+ Kxf4 41. Nxf1 Kg4 42. Kd3 Kxh4 43. Kd4 Kg5 44. Kxd5 Kf6 45. Kc5 {
Normal} 1-0

[Event "Rated Blitz game"]
[Site "?"]
[Date "2021.06.20"]
[Round "?"]
[White "Maveriks"]
[Black "annaly1979"]
[Result "1-0"]
[WhiteElo "2509"]
[BlackElo "2423"]
[PlyCount "45"]
[EventDate "2021.??.??"]
[EventType "blitz"]

1. e4 e5 2. Nf3 d5 3. exd5 e4 4. Qe2 f5 5. d3 Nf6 6. Bg5 Be7 7. Bxf6 Bxf6 8.
Nbd2 O-O 9. dxe4 fxe4 10. Nxe4 Bxb2 11. Rb1 Bf6 12. g3 Bg4 13. Bg2 Bxf3 14.
Bxf3 Nd7 15. O-O Ne5 16. Bg2 Rb8 17. f4 Nd7 18. d6 cxd6 19. Nxd6 Nb6 20. Qe6+
Kh8 21. Nf7+ Rxf7 22. Qxf7 Nc4 23. Qxc4 {Normal} 1-0

[Event "Rated Blitz tournament TolWHUEl"]
[Site "?"]
[Date "2021.06.20"]
[Round "?"]
[White "AgustiNum0"]
[Black "cuerosky"]
[Result "0-1"]
[WhiteElo "2496"]
[BlackElo "2225"]
[PlyCount "42"]
[EventDate "2021.??.??"]
[EventType "blitz"]

1. e4 e5 2. Nf3 d5 3. Nxe5 Bd6 4. d4 dxe4 5. Nc4 Nf6 6. Ne3 Nc6 7. Bc4 O-O 8.
h3 a6 9. Nc3 b5 10. Bb3 Bb7 11. O-O Nxd4 12. Re1 c5 13. a4 b4 14. Ne2 Bc7 15.
Nxd4 cxd4 16. Nf5 Qd7 17. Bg5 Qxf5 18. Bxf6 Qxf6 19. Qg4 Rfe8 20. Rad1 Rad8 21.
Qg3 Bxg3 {Time forfeit} 0-1

[Event "Rated Blitz tournament X84F9uhy"]
[Site "?"]
[Date "2021.06.20"]
[Round "?"]
[White "SFA_Gang"]
[Black "VVV-31"]
[Result "0-1"]
[WhiteElo "2575"]
[BlackElo "2330"]
[PlyCount "110"]
[EventDate "2021.??.??"]
[EventType "blitz"]

1. e4 e5 2. Nf3 d5 3. Nxe5 Bd6 4. d4 dxe4 5. Nc4 Nf6 6. Nxd6+ Qxd6 7. c3 O-O 8.
Na3 a6 9. Nc4 Qe7 10. Be2 Bf5 11. O-O Nbd7 12. b3 b5 13. Ba3 c5 14. Ne3 b4 15.
Bb2 Bg6 16. dxc5 Qxc5 17. Qe1 bxc3 18. Qxc3 Qxc3 19. Bxc3 Rac8 20. Rac1 Nc5 21.
Bb4 Nd3 22. Bxd3 exd3 23. Bxf8 Rxf8 24. Rfd1 Rd8 25. f3 h6 26. Kf2 Kf8 27. Rc6
a5 28. Rc5 Ra8 29. Nc4 a4 30. Ra5 Re8 31. Rd2 axb3 32. axb3 Rb8 33. Ra3 Nd5 34.
Ne5 Bf5 35. Nxd3 Nc3 36. Ra1 Rd8 37. Ke3 g5 38. Nc5 Re8+ 39. Kf2 Re5 40. b4 Kg7
41. Re1 Rxe1 42. Kxe1 Nb5 43. Nb3 Be6 44. Nd4 Nc3 45. b5 Bd5 46. b6 Na4 47. Ne2
Nxb6 48. Rb2 Nc4 49. Rb4 Ne3 50. Nc3 Nc2+ 51. Kf2 Nxb4 52. Ke3 Be6 53. Kd4 Nc6+
54. Kc5 Ne7 55. Ne2 Nf5 {Time forfeit} 0-1